|
|
|
|
| LEADER |
02094nam a2200529 i 4500 |
| 001 |
001809010 |
| 003 |
CZ BrMZK |
| 005 |
20220222074858.0 |
| 007 |
ta |
| 008 |
211214s2021 xr ac e 000 0dcze |
| 020 |
|
|
|q (Brožováno)
|
| 040 |
|
|
|a BOA001
|b cze
|e rda
|
| 041 |
0 |
|
|a cze
|a eng
|a ger
|
| 043 |
|
|
|a n-us---
|a e-xr---
|b e-xr-pl
|2 czenas
|
| 045 |
|
|
|a y2y2
|
| 072 |
|
7 |
|a 792
|x Divadlo. Divadelní představení
|2 Konspekt
|9 3
|
| 080 |
|
|
|a 782.8
|2 MRF
|
| 080 |
|
|
|a 792.57
|2 MRF
|
| 080 |
|
|
|a (73)
|2 MRF
|
| 080 |
|
|
|a (437.317)
|2 MRF
|
| 080 |
|
|
|a (083.97)
|2 MRF
|
| 245 |
0 |
0 |
|a Alan Jay Lerner, Frederick Loewe, My fair lady
|
| 246 |
3 |
0 |
|a My fair lady
|
| 264 |
|
1 |
|a V Plzni :
|b Divadlo Josefa Kajetána Tyla,
|c [2021]
|
| 300 |
|
|
|a 28 nečíslovaných stran :
|b ilustrace (převážně barevné), portréty ;
|c 30 cm
|
| 336 |
|
|
|a text
|b txt
|2 rdacontent
|
| 336 |
|
|
|a statický obraz
|b sti
|2 rdacontent
|
| 337 |
|
|
|a bez média
|b n
|2 rdamedia
|
| 338 |
|
|
|a svazek
|b nc
|2 rdacarrier
|
| 500 |
|
|
|a "První uvedení před diváky v pátek 11. června 2021, slavnostní premiéra naplánovaná na sobotu 11. září 2021 na Nové scéně DJKT"--Zadní strana obálky
|
| 500 |
|
|
|a Název z obálky
|
| 500 |
|
|
|a Nad názvem: Divadlo J.K. Tyla v Plzni, muzikál, Nová scéna
|
| 546 |
|
|
|a Částečně německý a anglický text
|
| 610 |
2 |
7 |
|a Divadlo J.K. Tyla (Plzeň, Česko).
|b Nová scéna
|7 ko20191044950
|
| 648 |
|
4 |
|a 1956
|
| 648 |
|
7 |
|a 20. století
|7 ch460558
|2 czenas
|
| 648 |
|
7 |
|a 2021-2030
|7 ch1094457
|2 czenas
|
| 648 |
|
7 |
|a 2021
|7 ch1128231
|2 czenas
|
| 650 |
0 |
7 |
|a muzikály
|7 ph123058
|z Spojené státy americké
|y 20. století
|2 czenas
|
| 650 |
0 |
7 |
|a muzikály (inscenace)
|7 ph137571
|z Česko
|y 2021-2030
|2 czenas
|
| 651 |
|
7 |
|a Plzeň (Česko)
|7 ge130439
|2 czenas
|
| 655 |
|
7 |
|a divadelní programy
|7 fd132033
|2 czenas
|
| 710 |
2 |
|
|a Divadlo J.K. Tyla (Plzeň, Česko).
|b Nová scéna
|7 ko20191044950
|4 orm
|
| 910 |
|
|
|a BOA001
|b 4-1481.035
|
| 990 |
|
|
|a BK
|
| 991 |
|
|
|b 202202
|c NOV
|
| 996 |
6 |
|
|b 2610891350
|c 4-1481.035
|l MZK
|r Sklad / do 1 hodiny
|n 0
|p p.v.
|w 001875032
|u 000010
|a 1
|e BOA001
|j MZK50
|s P
|